000 00420nam a2200181Ia 4500
001 23197
005 20260414150921.0
008 260414t2004||||xx |||||||||||||| ||spa||
041 _aESP
082 _a625.8
_bH84
100 _aHuang, Yang H.
_eAUT
245 0 _aPavement analysis and design
_b
260 _c2004
300 _a775 páginas :
_c24 cm.
650 _a0
654 _aCIC
942 _cLIB
_dJUS
_fJUS
_2ddc
_n
999 _c23197
_d23197